000 00712nam a22002297a 4500
005 20161129122832.0
010 _aENG-116695
020 _a9788184845662
_c1350.00
035 _aEN-100227
037 _bDBAD/PUB
082 _a338.954
245 _aEmerging issues on inclusive growth business and environment /
_cedited by Johan Felix Raj...[et...al]
260 _aNew Delhi
_bRegal Publications
_c2016
270 _aF-159 Rajouri Garden
_bNew Delhi
_e110027
300 _axiv,231p. :
_c23cm(Hb)
_bill
500 _aIncludes index
700 _aJohan Felix Raj
700 _a Savio,Dominic
700 _aChakraverty,S.L.
700 _aRoy, Samrat
942 _2ddc
_cEN
_h320.954
_mEME
999 _c104819
_d104819